| 000 | 00754cam a22002414a 4500 | ||
|---|---|---|---|
| 020 | _a9781597180702 (pbk.) | ||
| 020 | _a159718070X (pbk.) | ||
| 040 | _cSTF | ||
| 082 | 0 | 0 | _a005 STA 2009 A005 Or. |
| 245 | 0 | 0 |
_aStata multiple-imputation reference manual : _brelease 11. |
| 246 | 1 | 4 | _aStata : release 11 : multiple imputation |
| 246 | 1 | 8 | _aStata 11 : multiple imputation |
| 260 |
_aCollege Station, Tex. : _bStata Press, _cc2009. |
||
| 300 |
_aiii, 270 p. : _bill. ; _c24 cm. |
||
| 500 | _a"A Stata Press publication." | ||
| 500 | _aIncludes index. | ||
| 650 | 0 | _aSocial sciences | |
| 650 | 0 | _aStatistics | |
| 650 | 0 | _aMultiple imputation (Statistics) | |
| 650 | 0 | _aMissing observations (Statistics) | |
| 710 | 2 | _aStataCorp LP. | |
| 942 | _cEK | ||
| 999 |
_c12983 _d12983 |
||